000 00274nam a22001217a 4500
008 190223b xxu||||| |||| 00| 0 eng d
041 _aeng
080 _a821
100 _a22
101 _aGJL
245 _aExploring Life through literature
_cPooley, R.C
942 _2udc
_cBK
999 _c54167
_d54167